Вып. 6 (148); Механика

Detalles Bibliográficos
Parent link:Механика: периодический сборник переводов иностранных статей. Вып. 6 (148).— , 1950-1974
Lenguaje:ruso
Publicado: 1974
Formato: MixedMaterials Libro
KOHA link:https://koha.lib.tpu.ru/cgi-bin/koha/opac-detail.pl?biblionumber=508789

MARC

LEADER 00000nam2a2200000 4500
001 508789
005 20231101103734.0
035 |a (RuTPU)RU\TPU\prd\180713 
035 |a RU\TPU\prd\180712 
090 |a 508789 
100 |a 20130607b1974 k y0rusy50 ca 
101 0 |a rus 
102 |a RU 
200 0 |a Вып. 6 (148) 
210 |d 1974 
461 1 |0 (RuTPU)RU\TPU\prd\837  |t Механика  |o периодический сборник переводов иностранных статей  |v Вып. 6 (148)  |d 1950-1974 
801 0 |a RU  |b 63413507  |c 20010227  |g PSBO 
801 1 |a RU  |b 63413507  |c 20130129 
801 2 |a RU  |b 63413507  |c 20160118  |g RCR 
942 |c BK 
999 |a НТБ_ТПУ  |b НФ  |e -4/20130109  |p П-5649  |u 0,00  |v 1  |y 13821000820656